Digital Design of Signal Processing Systems (Record no. 610551)

000 -LEADER
fixed length control field 00405nam a22001337a 4500
020 ## - INTERNATIONAL STANDARD BOOK NUMBER
International Standard Book Number 9780470741832
040 ## - CATALOGING SOURCE
Transcribing agency NUST
082 ## - DEWEY DECIMAL CLASSIFICATION NUMBER
Classification number 621.3822
Author Mark KHA
100 ## - MAIN ENTRY--PERSONAL NAME
Personal name Shoab Ahmed Khan
9 (RLIN) 64329
245 ## - TITLE STATEMENT
Title Digital Design of Signal Processing Systems
Remainder of title A Practical Approach
260 ## - PUBLICATION, DISTRIBUTION, ETC.
Place of publication, distribution, etc. United Kingdom:
Name of publisher, distributor, etc. John Wiley and Sons,
Date of publication, distribution, etc. 2010.
650 ## - SUBJECT ADDED ENTRY--TOPICAL TERM
Source of heading or term Digital Design of Signal Processing Systems
942 ## - ADDED ENTRY ELEMENTS (KOHA)
Source of classification or shelving scheme
Koha item type Book
Holdings
Withdrawn status Lost status Source of classification or shelving scheme Damaged status Not for loan Permanent Location Current Location Shelving location Date acquired Total Checkouts Full call number Barcode Date last seen Price effective from Koha item type
          College of Electrical & Mechanical Engineering (CEME) College of Electrical & Mechanical Engineering (CEME) General Stacks 07/23/2024   621.3822 KHA CEME- 45892 07/23/2024 07/23/2024 Book
© 2023 Central Library, National University of Sciences and Technology. All Rights Reserved.